000 00923nam a2200253 a 4500
003 DO-SdBNP
005 20220516122244.0
007 ta
008 220516e2019 dr a|||gr|||| 001 0dspa d
020 _a9789945804683
040 _aDO-SdBNP
_bspa
_cBNPHU
082 4 _222
_bR173m
100 1 _aRamírez Varela, Pedro Sergio,
_d1951-
_981181
245 1 0 _aMarketing aplicado en la educación. /
_cSantiago Sepúlveda Solano; Prólogo, Willian Peguero Mota
260 _aLa Romana, República Dominicana :
_b[s.n.],
_c2019
300 _a180 p. :
_bil. ;
_c20 cm.
500 _aIncluye datos biográficos del autor en la contracubierta.
590 _aInventariado 2022 / MF
650 4 _aMarketing
_xComunicación digitales
_zRepública Dominicana
_981617
650 4 _aEducación Tecnología
_zRepública Dominicana
_981618
650 4 _943390
_aRedes Sociales
_zRepública Dominicana
910 _aMFeliz
942 _2ddc
_cLBS1
999 _c51731
_d51731